000
00271nam a2200121Ia 4500
005
20251222153542.0
008
251222s9999||||xx |||||||||||||| ||spa||
082
_a
320.973/G83
245
0
_a
Democracia:
250
_a
1ra. ed.
264
_b
Grupo Propuesta
942
_c
LIB
999
_c
30512
_d
30512